| 000 | 01932nam a22004577a 4500 | ||
|---|---|---|---|
| 003 | CHAP | ||
| 005 | 20220329143409.0 | ||
| 008 | 090402s2009 mx r 00010 spa d | ||
| 010 | _a95981 | ||
| 011 | _a96953 | ||
| 035 | _a107610 | ||
| 040 | _cCHAP | ||
| 090 | _aTesis | ||
| 100 | 1 |
_aAlcaraz Lara, Frediberto _93571 |
|
| 245 | 1 | 3 |
_aLa educación tecnológica agropecuaria del Estado de Puebla, en la formación de técnicos agropecuarios e ingenieros agrónomos, para impulsar el desarrollo regional equitativo y su inserción en el sector productivo agropecuario estatal (2005 - 2011) _c/por Frediberto Alcaraz Lara |
| 260 |
_aChapingo, Méx. : _bEl autor, _c2009 |
||
| 300 |
_axxi, 129 h. : _bcuadros, gráfs. |
||
| 502 | _aTesis (M.C. en Sociologia Rural) -- UACH. Departamento de Sociologia Rural | ||
| 530 | _aTambién disponible en línea | ||
| 590 |
_aALEPH _b10 _c20130110 _lUCH01 _h1528 |
||
| 590 |
_aBATCH-UPD _b10 _c20130110 _lUCH01 _h1615 |
||
| 590 |
_aBATCH-UPD _b10 _c20130410 _lUCH01 _h1009 |
||
| 590 |
_aBATCH-UPD _b10 _c20130914 _lUCH01 _h0626 |
||
| 590 |
_aBATCH-UPD _b10 _c20130914 _lUCH01 _h2134 |
||
| 590 |
_aBATCH-UPD _b10 _c20140324 _lUCH01 _h1511 |
||
| 590 |
_aBATCH-UPD _b10 _c20141002 _lUCH01 _h0839 |
||
| 590 |
_aBATCH _b00 _c20181121 _lUCH01 _h0758 |
||
| 590 |
_aCONVERSION _b10 _c20130109 _lUCH01 _h1353 |
||
| 650 | 1 | 4 |
_aAgricultura _xInnovaciones tecnológicas. _91565 |
| 650 | 1 | 4 |
_aBienestar social. _912635 |
| 650 | 1 | 4 |
_aCampesinado. _917993 |
| 650 | 1 | 4 |
_aDesarrollo de la comunidad rural _zPuebla. _932044 |
| 650 | 1 | 4 |
_aEducación agrícola _xPuebla. _935542 |
| 650 | 1 | 4 |
_aTecnología y Estado. _9111967 |
| 856 |
_3Finding aid _uhttp://10.13.5.2/tesis/107610.pdf _zTeclea aqui |
||
| 856 |
_a1 _n0000190 |
||
| 901 | _aBK | ||
| 942 | _cFOLL | ||
| 949 |
_aTesis _bBC _cTES _d33724002090842 _eTS1 _gDonaciØn _h49097 _i107610 _sb |
||
| 949 |
_aTesis _bBC _cTES _d33724002090884 _eTS2 _fc.2 _gDonaciØn _h49098 _i107610 _sb |
||
| 999 |
_c95981 _d95981 |
||